| 000 | 00511nam a2200181 4500 | ||
|---|---|---|---|
| 003 | SEACOMMC | ||
| 005 | 20250429155100.0 | ||
| 008 | 250103b |||||||| |||| 00| 0 eng d | ||
| 020 |
_a 978-93-2595-620-9 _cRs.395.00 |
||
| 040 | _aSEACOMMC | ||
| 082 |
_a658.1511 _bA 769 |
||
| 100 | _a Arora, M N | ||
| 245 | 1 |
_aA Textbook of Cost and Management Accounting _c M N Arora |
|
| 250 | _a8th ed. | ||
| 260 |
_a New Delhi _b Vikas Publishing House _c 2006 |
||
| 650 | _a Cost and management Accounting | ||
| 942 | _cBOOK | ||
| 999 |
_c968 _d968 |
||